Best National Football Teams with Exceptions - Statistics

General Stats
  • This quiz has been taken 3,573 times
  • The average score is 12 of 15
Answer Stats
Rank Country % Correct
22 United States
95%
11 Mexico
93%
28 Japan
92%
42 Australia
89%
51 Egypt
89%
40 South Korea
88%
43 Morocco
87%
20 Senegal
81%
31 Nigeria
80%
35 Algeria
78%
46 Ghana
73%
33 Iran
73%
27 Tunisia
64%
46 Costa Rica
60%
48 Jamaica
38%
No matching quizzes found
Score Distribution
Percent of People with Each Score
Percentile by Number Answered
Your Score History
You have not taken this quiz